Country Per Letter: Europe Quiz Stats

 Plays Quiz Updated Jun 16, 2019

Score 0/47 Timer 02:00
2 Plays Today
Letter Country % Correct
FFinland
98.2%
FFrance
98.2%
IIceland
96.1%
IIreland
96.1%
IItaly
96.1%
BBelarus
96.1%
BBelgium
96.1%
BBosnia and Herzegovina
96.1%
BBulgaria
96.1%
AAlbania
95.9%
AAndorra
95.9%
AAustria
95.9%
SSan Marino
95.1%
SSerbia
95.1%
SSlovakia
95.1%
SSlovenia
95.1%
SSpain
95.1%
SSweden
95.1%
SSwitzerland
95.1%
GGermany
94.8%
GGreece
94.8%
DDenmark
94.4%
PPoland
91.6%
PPortugal
91.6%
Letter Country % Correct
LLatvia
91.4%
LLiechtenstein
91.4%
LLithuania
91.4%
LLuxembourg
91.4%
CCroatia
90.3%
CCyprus
90.3%
CCzechia
90.3%
NNorth Macedonia
89.7%
NNetherlands
89.4%
NNorway
89.4%
MMalta
88.9%
MMoldova
88.9%
MMonaco
88.9%
MMontenegro
88.9%
RRomania
88.5%
RRussia
88.5%
EEstonia
86.3%
UUkraine
82.7%
UUnited Kingdom
82.7%
HHungary
82.4%
VVatican City
75.2%
KKosovo
70.5%
TTurkey
67.3%

You're not logged in!

Compare scores with friends on all Sporcle quizzes.
OR
Log In

Sporcle TV

Today on Sporcle TV


Watch our educational content, quiz creation guides, and fun videos on Sporcle TV.

Show Comments

Extras

Top Quizzes Today


Score Distribution

Your Account Isn't Verified!

In order to create a playlist on Sporcle, you need to verify the email address you used during registration. Go to your Sporcle Settings to finish the process.

Report this User

Report this user for behavior that violates our Community Guidelines.

Details: